101-200 Ranking FIFA - Statystyki

Ogólne statystyki
  • Ten quiz został rozwiązany 25 razy
  • Średni wynik to 56 z 100
Statystyki odpowiedzi
Miejsce Punkty Reprezentacje % Poprawnych
146 1056 Litwa
82%
140 1082 Łotwa
82%
158 1012 Mołdawia
82%
110 1183 Wietnam
82%
165 986 Antigua i Barbuda
77%
107 1190 Liban
77%
141 1081 Liberia
77%
111 1182 Libia
77%
172 949 Andora
73%
177 914 Czad
73%
130 1123 Estonia
73%
142 1079 Indie
73%
103 1218 Luksemburg
73%
161 996 Malta
73%
118 1153 Sudan
73%
168 978 Sudan Południowy
73%
147 1055 Etiopia
68%
117 1161 Gambia
68%
122 1144 Indonezja
68%
148 1048 Jemen
68%
179 911 Kambodża
68%
113 1179 Kenia
68%
104 1201 Kirgistan
68%
120 1151 Korea Północna
68%
102 1223 Mozambik
68%
199 833 Pakistan
68%
200 827 Somalia
68%
101 1224 Tadżykistan
68%
125 1135 Wyspy Owcze
68%
162 991 Afganistan
64%
127 1132 Azerbejdżan
64%
192 867 Bhutan
64%
145 1060 Burundi
64%
128 1128 Cypr
64%
134 1105 Kongo
64%
135 1103 Kuwejt
64%
187 877 Laos
64%
144 1065 Lesotho
64%
105 1198 Madagaskar
64%
185 879 Mongolia
64%
182 902 Nepal
64%
109 1185 Niger
64%
131 1117 Rwanda
64%
121 1149 Sierra Leone
64%
123 1140 Surinam
64%
124 1140 Togo
64%
129 1123 Zimbabwe
64%
181 910 Belize
59%
183 904 Dominika
59%
143 1077 Dominikana
59%
196 847 Dżibuti
59%
150 1041 Gujana
59%
133 1108 Gwinea-Bissau
59%
126 1133 Malawi
59%
114 1174 Mauretania
59%
163 990 Mjanma
59%
170 974 Papua Nowa Gwinea
59%
190 871 Wyspy Świętego Tomasza i Książęca
59%
106 1196 Armenia
55%
178 914 Barbados
55%
155 1029 Fidżi
55%
115 1173 Kazachstan
55%
166 980 Kuba
55%
132 1116 Nikaragua
55%
188 876 Samoa
55%
112 1181 Tanzania
55%
180 911 Bangladesz
50%
138 1084 Botswana
50%
189 875 Brunei
50%
159 1010 Eswatini
50%
136 1090 Filipiny
50%
173 945 Malediwy
50%
116 1168 Malezja
50%
176 915 Mauritius
50%
119 1153 Namibia
50%
139 1083 Republika Środkowoafrykańska
50%
174 938 Tajwan
50%
197 835 Tonga
50%
137 1087 Turkmenistan
50%
167 980 Saint Lucia
45%
151 1040 Singapur
45%
194 857 Sri Lanka
45%
160 997 Vanuatu
45%
164 989 Grenada
41%
108 1189 Komory
41%
171 963 Saint Vincent i Grenadyny
41%
154 1035 Saint Kitts i Nevis
36%
198 835 Timor Wschodni
36%
149 1042 Nowa Kaledonia
32%
156 1020 Portoryko
32%
152 1039 Wyspy Salomona
32%
169 976 Bermudy
27%
191 867 Aruba
23%
153 1038 Hong Kong
23%
157 1019 Tahiti
23%
184 883 Samoa Amerykańskie
18%
195 851 Kajmany
14%
175 916 Montserrat
14%
186 877 Wyspy Cooka
9%
193 865 Macau
5%
Nie znaleziono quizów pasujących do podanych kryteriów
Rozkład punktacji
Procent ludzi z każdym wynikiem
Percentyl według liczby udzielonych odpowiedzi
Twoja historia wyników
Nie rozwiązałeś tego quizu